000 01218nam a2200217Ia 4500
001 19417
003 GE_BSU
008 181216s||||||||xx |||||||||||||| ||und||
040 _cGE_BSU
080 _a811.353.1(058)
245 _aმოამბე,VIII აკად. ნ. მარის სახელობის ენის, ისტორიისა და მატერიალური კულტურის ინსტიტუტის მოამბე Известия института языка, истории и материальной культуры им. акад. Н.Я. Марра,=Bulletin De L'Institut Marr De Langues, D'Histoire et De Culture Materielle
245 _cრედ:ჯანაშია, სიმონ
260 _aთბილისი
260 _bმეცნიერებათა აკადემიის საქართველოს ფილიალის გამომცემლობა
260 _c1940
300 _a152გვ; ილ, 24სმ.
541 _h1ლ.60თ.
653 _aენათმეცნიერება,ისტორია,კულტურა
653 _aმოამბე, VIII
942 _cBK
999 _c52397
_d52397